Tolley's practical share and business valuation (Record no. 115862)

MARC details
000 -LEADER
fixed length control field 01086cab a22002655a 4500
001 - CONTROL NUMBER
control field L159394
008 - FIXED-LENGTH DATA ELEMENTS--GENERAL INFORMATION
fixed length control field 170130e2012 xxk 000 0 eng d
020 ## - INTERNATIONAL STANDARD BOOK NUMBER
International Standard Book Number 9780754547754
035 ## - SYSTEM CONTROL NUMBER
System control number (Sirsi) u159394
041 0# - LANGUAGE CODE
Language code of text/sound track or separate title eng
050 04 - LIBRARY OF CONGRESS CALL NUMBER
Classification number 658.15
100 1# - MAIN ENTRY--PERSONAL NAME
Personal name Bowes, David
245 00 - TITLE STATEMENT
Title Tolley's practical share and business valuation
250 ## - EDITION STATEMENT
Edition statement 2 ed
260 ## - PUBLICATION, DISTRIBUTION, ETC.
Place of publication, distribution, etc. London
Name of publisher, distributor, etc. Tolleyc2012
300 ## - PHYSICAL DESCRIPTION
Extent xxii, 507p
Dimensions 25cm
520 ## - SUMMARY, ETC.
Summary, etc. Provides a sound basis for understanding the fundamentals of valuation of shares, businesses and intangible assets whether for tax, commercial or financial reporting purposes. Looks at valuer's liability, methods of analysis, mechanics of valuation. Explains fiscal and non-fiscal valuation comparing the two approaches, intangibles and international valuation issues. Considers the role of the expert witness and carrying out valuations for accounts purposes.
590 ## - LOCAL NOTE (RLIN)
Local note KA
650 24 - SUBJECT ADDED ENTRY--TOPICAL TERM
Topical term or geographic name entry element INTANGIBLES
650 24 - SUBJECT ADDED ENTRY--TOPICAL TERM
Topical term or geographic name entry element SHARES
650 24 - SUBJECT ADDED ENTRY--TOPICAL TERM
Topical term or geographic name entry element BUSINESS VALUATIONS
651 #4 - SUBJECT ADDED ENTRY--GEOGRAPHIC NAME
Geographic name United Kingdom
Chronological subdivision
690 ## - LOCAL SUBJECT ADDED ENTRY--TOPICAL TERM (OCLC, RLIN)
Topical term or geographic name as entry element Valuation
9 (RLIN) 6273
942 ## - ADDED ENTRY ELEMENTS (KOHA)
Suppress in OPAC 0
Holdings
Withdrawn status Lost status Source of classification or shelving scheme Damaged status Not for loan Home library Current library Shelving location Date acquired Total Checkouts Full call number Barcode Date last seen Copy number Price effective from Koha item type
    Dewey Decimal Classification     London London Books 30/01/2017   658.15 BOW 30079059 06/08/2019 1 06/08/2019 Book